00701nam a2200157 i 4500001000700000003000700007005001700014008004100031100003200072245015200104260003300256300002200289852009000311999001900401952012300420165906SpMaBN20230906213228.0180806s1935 sp |||| | spa d1 aSchnitzler, Arthur.910459313aLa última aventura del caballero Casanova b: (Casanovas Heimhahrt) / cArthur Schnitzler ; traducción directa del alemán por Susana Palanca. aBarcelona : bApolo, c1935. a172 p. ; c20 cm. aES-MaACLjL-32206 z. - Donat. herederos de la bibl. de Mª del Pilar Costa Palacín c165906d165906 00104070aATENEOMbATENEOMcDEPO2d2008-01-17eDONl0oL-32206p1173990r2023-02-23 00:00:00w2023-02-23yMONOGRAFIA